000 00816cam a22002414a 4500
001 12861078
005 20180125074234.0
008 020719s2003 caua b 001 0 eng
010 _a 2002029543
020 _a1887571094
040 _aDLC
_cDLC
_dDLC
041 _aeng
042 _apcc
080 _a618.9201 TAP
082 0 0 _a618.9201 TAP
_221
100 _a7
101 _aANA
245 0 0 _aPhysical assessment of the newborn :
_cEllen P. Tappero, Mary Ellen Honeyfield, [editors].
504 _aIncludes bibliographical references and index.
906 _a7
_bcbc
_corignew
_d1
_eocip
_f20
_gy-gencatlg
942 _2ddc
_cBK
999 _c40951
_d40951